LEADER 01205nam0 22003131i 450 001 UON00519125 005 20231205105536.861 010 $a34-583-3529-3 100 $a20231026d1996 |0itac50 ba 101 $ager 102 $aDE 105 $a|||| ||||| 200 1 $aFrauen der Romantik$fMargarete Susman$gmit zahlreichen Abbildungen und einem Nachwort von Barbara Hahn 210 $aFrankfurt am Main$cInsel$d1996 215 $a235 p.$cill.$d18 cm 410 1$1001UON00103837$12001 $aInsel Taschenbuch$v1829 606 $aDonne$xStudi$3UONC020923$2FI 606 $aRomanticismo$xStudi$3UONC064798$2FI 620 $aDE$dFrankfurt am Main$3UONL003175 676 $a920$cBiografia, genealogia, insegne$v21 700 1$aSUSMAN$bMargarete$3UONV166890$0163384 702 1$aHAHN$bBarbara$3UONV285178 712 $aInsel$3UONV266506$4650 801 $aIT$bSOL$c20251128$gRICA 899 $aSIBA - SISTEMA BIBLIOTECARIO DI ATENEO$2UONSI 912 $aUON00519125 950 $aSIBA - SISTEMA BIBLIOTECARIO DI ATENEO$dSI F. Goethe 929 AZ SUS 4735 $eSI 46745 5 4735 996 $aFrauen der Romantik$93904825 997 $aUNIOR